Engineering Materials : An Introduction to Their Properties and Applications /

Gorde:
Xehetasun bibliografikoak
Egile nagusia: Ashby, Michael F. (autor)
Beste egile batzuk: Jones, David Rayner Hunkin (autor) (autor)
Formatua: Liburua
Hizkuntza:ingelesa
Argitaratua: Oxford, Inglaterra : Butterworth-Heinemann, 2003, c1996
Edizioa:2a edición
Gaiak:
Etiketak: Etiketa erantsi
Etiketarik gabe, Izan zaitez lehena erregistro honi etiketa jartzen!

MARC

LEADER 00000nam^a2200000^a^4500
001 000136648
005 20250521000000.0
009 20260310095326.318
020 |a 0-7506-3081-7 
037 |a Acervo ITESO - Biblioteca 
041 |a ING 
082 |a 620. 11  |b ASH V. 1 
100 |a Ashby, Michael F.  |e (autor) 
240 1 1 |a [Engineering Materials] 
240 1 1 |a [Materiales para ingeniería] 
245 1 0 |a Engineering Materials :  |b An Introduction to Their Properties and Applications /  |c M.F. Ashby, D.R.H. Jones. 
250 |a 2a edición 
264 4 |a Oxford, Inglaterra :  |b Butterworth-Heinemann,  |c 2003, c1996 
300 |a VIII, 306 p. 
336 |a texto  |b txt  |2 rdacontenido 
337 |a sin mediación  |b n  |2 rdamedio 
338 |a volumen  |b nc  |2 rdasoporte 
521 |a 2011 BO Licenciatura en Ingeniería en Nanotecnología 
649 |a XX 
650 |a Corrosión y Anticorrosivos 
650 |a Resistencia de Materiales 
650 |a Materiales de Ingeniería -  |x Tema Principal 
650 |a Ingeniería 
700 |a Jones, David Rayner Hunkin  |e (autor) 
910 |a Fondo General 
920 |a Impresos - Libros 
930 |a Colección General 
905 |a 101 
901 |a 0500065405  |b IT1  |c ACC  |u 20250521 
901 |a 0500100255  |b IT1  |c ACC  |u 20250521 
901 |a 0500100243  |b IT1  |c ACC  |u 20250521 
901 |a 0500100231  |b IT1  |c ACC  |u 20250521 
902 |a https://opac.biblio.iteso.mx/vufind/Record/000136648